Walker and Walker's English legal system / (Record no. 3883)

MARC details
000 -LEADER
fixed length control field 00890nam a22002652 4500
001 - CONTROL NUMBER
control field 0000019150
005 - DATE AND TIME OF LATEST TRANSACTION
control field 20151217145911.0
008 - FIXED-LENGTH DATA ELEMENTS--GENERAL INFORMATION
fixed length control field 101018s xx 000 0 eng d
020 ## - INTERNATIONAL STANDARD BOOK NUMBER
International Standard Book Number 0199214877 :
040 ## - CATALOGING SOURCE
Original cataloging agency KABU
Transcribing agency KABU
245 10 - TITLE STATEMENT
Title Walker and Walker's English legal system /
Statement of responsibility, etc. Richard Ward, Amanda Akhtar.
250 ## - EDITION STATEMENT
Edition statement 10th ed.
260 ## - PUBLICATION, DISTRIBUTION, ETC. (IMPRINT)
Place of publication, distribution, etc. Oxford :
Name of publisher, distributor, etc. O. U. P.,
Date of publication, distribution, etc. 2008.
300 ## - PHYSICAL DESCRIPTION
Extent lxxxiv, 745 p.
650 #0 - SUBJECT ADDED ENTRY--TOPICAL TERM
Topical term or geographic name as entry element Procedure (Law)
Geographic subdivision Great Britain.
-- 0000160397
650 #0 - SUBJECT ADDED ENTRY--TOPICAL TERM
Topical term or geographic name as entry element Courts
Geographic subdivision Great Britain.
-- 0000178805
650 #0 - SUBJECT ADDED ENTRY--TOPICAL TERM
Topical term or geographic name as entry element Law
Geographic subdivision Great Britain.
-- 0000153325
700 1# - ADDED ENTRY--PERSONAL NAME
Personal name Ward, Richard.
-- 0000178806
700 1# - ADDED ENTRY--PERSONAL NAME
Personal name Akhtar, Amanda.
-- 0000178807
700 1# - ADDED ENTRY--PERSONAL NAME
Personal name Walker, Ronald Jack.
-- 0000178808
852 1# - LOCATION
-- p3640 KES
852 1# - LOCATION
-- p3640 KES
908 ## - PUT COMMAND PARAMETER (RLIN)
Put command parameter 101018
950 ## - LOCAL HOLDINGS (RLIN)
-- 1
Holdings
Withdrawn status Lost status Source of classification or shelving scheme Not for loan Home library Current library Date acquired Total Checkouts Full call number Barcode Date last seen Price effective from Koha item type Damaged status Date last checked out
    Library of Congress Classification   Kabarak, Main Campus Kabarak, Main Campus 17/12/2015   KD7100 .W35 2008 c. 2 23368 17/12/2015 17/12/2015 General Collection    
  Lost Library of Congress Classification   Kabarak, Main Campus Kabarak, Main Campus 17/12/2015 1 KD7100 .W35 2008 c. 3 23308 22/01/2016 17/12/2015 General Collection   22/01/2016
    Library of Congress Classification   Kabarak, Main Campus Kabarak, Main Campus 17/12/2015 2 KD7100 .W35 2008 c. 1 23738 31/03/2023 17/12/2015 General Collection   13/01/2023
Designed with assistance from East African Informatics Ltd